[Event "Girls U14 Polish Youth Championship"]
[Site "chess24.com"]
[Date "2018.05.02"]
[Round "5"]
[White "Trzaskowska, Hanna"]
[Black "Kudlak, Julia"]
[Result "1/2-1/2"]
[Board "8"]
[WhiteElo "1589"]
[WhiteCountry "POL"]
[WhiteFideId "21820716"]
[WhiteEloChange "-8"]
[BlackElo "1209"]
[BlackCountry "POL"]
[BlackFideId "21859990"]
[BlackEloChange "8"]

1. e4 {[%clk 1:30:54]} e5 {[%clk 1:30:37]} 2. Nf3 {[%clk 1:31:15]} Nc6 {[%clk
1:30:55]} 3. Bb5 {[%clk 1:31:27]} a6 {[%clk 1:31:01]} 4. Ba4 {[%clk 1:31:32]} Nf6
{[%clk 1:30:56]} 5. O-O {[%clk 1:31:07]} Be7 {[%clk 1:30:55]} 6. Re1 {[%clk
1:30:48]} b5 {[%clk 1:30:05]} 7. Bb3 {[%clk 1:31:08]} O-O {[%clk 1:30:02]} 8. h3
{[%clk 1:30:59]} d6 {[%clk 1:26:40]} 9. c3 {[%clk 1:30:53]} Na5 {[%clk 1:25:50]}
10. Bc2 {[%clk 1:31:14]} c5 {[%clk 1:24:46]} 11. d4 {[%clk 1:31:28]} Qc7 {[%clk
1:22:15]} 12. Nbd2 {[%clk 1:31:09]} Nc6 {[%clk 1:19:25]} 13. d5 {[%clk 1:23:53]}
Nb8 {[%clk 1:17:11]} 14. a4 {[%clk 1:13:19]} Ra7 {[%clk 1:11:21]} 15. c4 {[%clk
1:03:20]} b4 {[%clk 1:06:31]} 16. a5 {[%clk 1:02:55]} Rd8 {[%clk 1:05:14]} 17.
Nf1 {[%clk 0:56:50]} Nbd7 {[%clk 1:03:16]} 18. Ng3 {[%clk 0:53:44]} Nf8 {[%clk
1:00:09]} 19. Nh4 {[%clk 0:46:56]} Ng6 {[%clk 0:50:48]} 20. Nhf5 {[%clk 0:43:28]}
h6 {[%clk 0:41:04]} 21. Nh5 {[%clk 0:30:31]} Nxh5 {[%clk 0:38:51]} 22. Qxh5
{[%clk 0:28:30]} Nf4 {[%clk 0:26:46]} 23. Qf3 {[%clk 0:23:48]} Bf6 {[%clk
0:20:46]} 24. Kh2 {[%clk 0:13:56]} Ng6 {[%clk 0:14:53]} 25. Nxh6+ {[%clk
0:11:01]} gxh6 {[%clk 0:13:59]} 26. Qxf6 {[%clk 0:10:38]} Kh7 {[%clk 0:13:09]}
27. Qf3 {[%clk 0:04:51]} f6 {[%clk 0:11:48]} 28. Qh5 {[%clk 0:04:08]} Qg7 {[%clk
0:11:40]} 29. g3 {[%clk 0:02:52]} Rg8 {[%clk 0:10:16]} 30. Bd2 {[%clk 0:01:54]}
Rf7 {[%clk 0:08:03]} 31. Rg1 {[%clk 0:01:25]} Qf8 {[%clk 0:06:45]} 32. f4 {[%clk
0:00:42]} f5 {[%clk 0:05:58]} 33. exf5 {[%clk 0:00:37]} Bxf5 {[%clk 0:06:12]} 34.
Qd1 {[%clk 0:00:39]} Bxc2 {[%clk 0:05:10]} 35. Qxc2 {[%clk 0:01:01]} Kh8 {[%clk
0:04:38]} 36. Raf1 {[%clk 0:00:40]} exf4 {[%clk 0:03:23]} 37. gxf4 {[%clk
0:00:38]} Nxf4 {[%clk 0:03:33]} 38. Rxg8+ {[%clk 0:00:43]} Kxg8 {[%clk 0:03:53]}
39. Bxf4 {[%clk 0:00:35]} Rxf4 {[%clk 0:04:13]} 40. Qg2+ {[%clk 0:00:37]} Kh8
{[%clk 0:04:17]} 41. Rxf4 {[%clk 0:00:37]} Qxf4+ {[%clk 0:04:42]} 42. Qg3 {[%clk
0:00:38]} Qd2+ {[%clk 0:04:28]} 43. Qg2 {[%clk 0:00:42]} Qf4+ {[%clk 0:04:52]}
44. Qg3 {[%clk 0:00:48]} Qd2+ {[%clk 0:05:12]} 45. Qg2 {[%clk 0:00:57]} Qf4+
{[%clk 0:03:06]} 1/2-1/2

[Event "Girls U14 Polish Youth Championship"]
[Site "chess24.com"]
[Date "2018.05.02"]
[Round "5"]
[White "Krzyzosiak, Marta"]
[Black "Wawrzyniak, Weronika"]
[Result "1-0"]
[Board "9"]
[WhiteElo "1567"]
[WhiteCountry "POL"]
[WhiteFideId "21820449"]
[WhiteEloChange "5"]
[BlackElo "1377"]
[BlackCountry "POL"]
[BlackFideId "21817596"]
[BlackEloChange "-5"]

1. e4 {[%clk 1:30:57]} c5 {[%clk 1:30:36]} 2. Nf3 {[%clk 1:31:09]} d6 {[%clk
1:30:45]} 3. d4 {[%clk 1:31:11]} cxd4 {[%clk 1:30:56]} 4. Nxd4 {[%clk 1:31:25]}
Nf6 {[%clk 1:30:45]} 5. Nc3 {[%clk 1:31:20]} a6 {[%clk 1:30:38]} 6. Be2 {[%clk
1:31:04]} e5 {[%clk 1:30:34]} 7. Nb3 {[%clk 1:30:39]} Be7 {[%clk 1:30:00]} 8. Be3
{[%clk 1:29:55]} Be6 {[%clk 1:26:51]} 9. g4 {[%clk 1:26:41]} h6 {[%clk 1:19:48]}
10. h4 {[%clk 1:22:11]} Nbd7 {[%clk 1:14:04]} 11. Rg1 {[%clk 1:13:37]} Nb6 {[%clk
1:05:57]} 12. g5 {[%clk 1:07:50]} hxg5 {[%clk 1:04:36]} 13. hxg5 {[%clk 1:08:06]}
Nfd7 {[%clk 1:04:47]} 14. Qd2 {[%clk 1:07:10]} Qc7 {[%clk 1:03:24]} 15. O-O-O
{[%clk 1:05:07]} O-O-O {[%clk 1:02:26]} 16. f4 {[%clk 1:01:35]} g6 {[%clk
1:00:31]} 17. Nd5 {[%clk 0:55:57]} Nxd5 {[%clk 0:59:38]} 18. exd5 {[%clk
0:55:56]} Bf5 {[%clk 0:59:24]} 19. Bg4 {[%clk 0:51:50]} Bxg4 {[%clk 0:56:01]} 20.
Rxg4 {[%clk 0:51:37]} Kb8 {[%clk 0:51:55]} 21. fxe5 {[%clk 0:46:22]} Nxe5 {[%clk
0:52:14]} 22. Rb4 {[%clk 0:41:19]} Nc4 {[%clk 0:47:49]} 23. Qf2 {[%clk 0:29:53]}
Nxe3 {[%clk 0:46:20]} 24. Qxe3 {[%clk 0:30:17]} Rc8 {[%clk 0:43:18]} 25. Nd4
{[%clk 0:25:23]} Ka8 {[%clk 0:41:28]} 26. Kb1 {[%clk 0:18:47]} Rh2 {[%clk
0:39:24]} 27. Ra4 {[%clk 0:12:29]} Qd7 {[%clk 0:29:57]} 28. Nc6 {[%clk 0:10:33]}
bxc6 {[%clk 0:20:27]} 29. Rxa6+ {[%clk 0:10:48]} Kb8 {[%clk 0:20:50]} 30. Qb3+
{[%clk 0:10:53]} Kc7 {[%clk 0:19:01]} 31. Qb6# {[%clk 0:11:05]} 1-0

[Event "Girls U14 Polish Youth Championship"]
[Site "chess24.com"]
[Date "2018.05.02"]
[Round "5"]
[White "Mezykowska, Emilia"]
[Black "Zniszczol, Wiktoria"]
[Result "1/2-1/2"]
[Board "10"]
[WhiteElo "1464"]
[WhiteCountry "POL"]
[WhiteFideId "21862524"]
[WhiteEloChange "3"]
[BlackElo "1555"]
[BlackCountry "POL"]
[BlackFideId "1194895"]
[BlackEloChange "-3"]

1. e4 {[%clk 1:30:57]} d6 {[%clk 1:30:55]} 2. d4 {[%clk 1:31:18]} Nf6 {[%clk
1:31:14]} 3. Nc3 {[%clk 1:31:38]} e5 {[%clk 1:31:32]} 4. Nge2 {[%clk 1:31:23]}
Nbd7 {[%clk 1:31:29]} 5. g3 {[%clk 1:29:36]} Be7 {[%clk 1:31:44]} 6. Bg2 {[%clk
1:29:49]} O-O {[%clk 1:31:45]} 7. O-O {[%clk 1:28:59]} c6 {[%clk 1:31:53]} 8. h3
{[%clk 1:25:14]} b5 {[%clk 1:31:07]} 9. a3 {[%clk 1:21:52]} a5 {[%clk 1:27:11]}
10. Be3 {[%clk 1:18:35]} Ba6 {[%clk 1:20:01]} 11. b4 {[%clk 1:10:12]} axb4 {[%clk
1:02:42]} 12. axb4 {[%clk 1:10:26]} Qc7 {[%clk 0:55:48]} 13. Qd3 {[%clk 0:51:28]}
Nb6 {[%clk 0:51:15]} 14. d5 {[%clk 0:41:31]} Nc4 {[%clk 0:39:17]} 15. Ra2 {[%clk
0:32:33]} Bb7 {[%clk 0:33:53]} 16. Rfa1 {[%clk 0:31:19]} Rxa2 {[%clk 0:27:18]}
17. Rxa2 {[%clk 0:31:39]} Ra8 {[%clk 0:27:31]} 18. Rxa8+ {[%clk 0:31:19]} Bxa8
{[%clk 0:27:56]} 19. dxc6 {[%clk 0:18:48]} Bxc6 {[%clk 0:26:25]} 20. Bc1 {[%clk
0:16:28]} Qa7 {[%clk 0:22:36]} 21. Bf3 {[%clk 0:11:18]} Qa8 {[%clk 0:18:57]} 22.
Kg2 {[%clk 0:10:34]} h6 {[%clk 0:08:58]} 23. g4 {[%clk 0:09:00]} Bd7 {[%clk
0:08:49]} 24. Ng3 {[%clk 0:07:47]} Qa1 {[%clk 0:07:24]} 25. Nge2 {[%clk 0:08:03]}
Qa8 {[%clk 0:06:39]} 26. Ng3 {[%clk 0:08:20]} Qa1 {[%clk 0:07:03]} 27. Nge2
{[%clk 0:08:44]} Qa8 {[%clk 0:06:21]} 28. Ng3 {[%clk 0:08:59]} Qa1 {[%clk
0:06:21]} 1/2-1/2

[Event "Girls U14 Polish Youth Championship"]
[Site "chess24.com"]
[Date "2018.05.02"]
[Round "5"]
[White "Bienko, Jagoda"]
[Black "Mrozek, Zofia"]
[Result "1/2-1/2"]
[Board "11"]
[WhiteElo "1476"]
[WhiteCountry "POL"]
[WhiteFideId "1194569"]
[WhiteEloChange "-6"]
[BlackElo "1234"]
[BlackCountry "POL"]
[BlackFideId "21855986"]
[BlackEloChange "6"]

1. d4 {[%clk 1:30:52]} f5 {[%clk 1:30:23]} 2. g3 {[%clk 1:31:00]} e6 {[%clk
1:29:36]} 3. Bg2 {[%clk 1:30:54]} Nf6 {[%clk 1:29:34]} 4. Nf3 {[%clk 1:30:50]}
Nc6 {[%clk 1:29:33]} 5. O-O {[%clk 1:29:10]} b6 {[%clk 1:27:39]} 6. c4 {[%clk
1:27:19]} Bb7 {[%clk 1:27:14]} 7. b3 {[%clk 1:26:55]} g6 {[%clk 1:20:46]} 8. Nc3
{[%clk 1:24:39]} Bg7 {[%clk 1:20:58]} 9. Bb2 {[%clk 1:24:44]} O-O {[%clk
1:21:16]} 10. Rc1 {[%clk 1:11:57]} Qe7 {[%clk 1:17:01]} 11. Qd2 {[%clk 1:11:52]}
Rad8 {[%clk 1:13:03]} 12. Rfd1 {[%clk 1:06:09]} Ba8 {[%clk 1:08:51]} 13. d5
{[%clk 1:00:35]} exd5 {[%clk 1:06:35]} 14. Nxd5 {[%clk 0:55:24]} Nxd5 {[%clk
1:06:45]} 15. Qxd5+ {[%clk 0:55:18]} Kh8 {[%clk 1:06:27]} 16. Bxg7+ {[%clk
0:47:35]} Qxg7 {[%clk 1:06:39]} 17. Qd2 {[%clk 0:46:36]} d6 {[%clk 1:01:51]} 18.
Ng5 {[%clk 0:44:52]} Qf6 {[%clk 0:51:05]} 19. Bd5 {[%clk 0:43:25]} Rde8 {[%clk
0:50:19]} 20. h4 {[%clk 0:30:34]} Ne5 {[%clk 0:46:47]} 21. Qc3 {[%clk 0:27:54]}
Ng4 {[%clk 0:35:25]} 22. Nf7+ {[%clk 0:27:26]} Kg7 {[%clk 0:34:10]} 23. Qxf6+
{[%clk 0:25:26]} Nxf6 {[%clk 0:34:28]} 24. Bxa8 {[%clk 0:25:14]} Rxa8 {[%clk
0:34:42]} 25. Ng5 {[%clk 0:25:22]} Rae8 {[%clk 0:35:04]} 26. e3 {[%clk 0:23:34]}
Ne4 {[%clk 0:29:10]} 27. Nf3 {[%clk 0:22:52]} a5 {[%clk 0:28:17]} 28. Nd4 {[%clk
0:22:03]} Rf7 {[%clk 0:27:35]} 29. Ne2 {[%clk 0:21:53]} Nc5 {[%clk 0:26:10]} 30.
Nd4 {[%clk 0:19:47]} Ne4 {[%clk 0:23:55]} 31. Nf3 {[%clk 0:19:28]} Nc5 {[%clk
0:24:07]} 1/2-1/2

[Event "Girls U14 Polish Youth Championship"]
[Site "chess24.com"]
[Date "2018.05.02"]
[Round "5"]
[White "Matyjasek, Michalina"]
[Black "Lukasik, Zuzanna"]
[Result "1/2-1/2"]
[Board "12"]
[WhiteElo "1361"]
[WhiteCountry "POL"]
[WhiteFideId "21816743"]
[WhiteEloChange "5"]
[BlackElo "1568"]
[BlackCountry "POL"]
[BlackFideId "21813906"]
[BlackEloChange "-5"]

1. d4 {[%clk 1:30:58]} d5 {[%clk 1:30:52]} 2. c4 {[%clk 1:31:23]} e6 {[%clk
1:31:10]} 3. Nc3 {[%clk 1:31:47]} Nf6 {[%clk 1:31:31]} 4. Nf3 {[%clk 1:32:10]}
Be7 {[%clk 1:31:53]} 5. Bf4 {[%clk 1:32:33]} O-O {[%clk 1:32:01]} 6. e3 {[%clk
1:32:58]} c5 {[%clk 1:31:56]} 7. dxc5 {[%clk 1:32:57]} Bxc5 {[%clk 1:31:34]} 8.
cxd5 {[%clk 1:33:13]} Nxd5 {[%clk 1:30:39]} 9. Nxd5 {[%clk 1:33:24]} exd5 {[%clk
1:29:58]} 10. a3 {[%clk 1:32:40]} Nc6 {[%clk 1:27:29]} 11. Bd3 {[%clk 1:32:31]}
h6 {[%clk 1:23:24]} 12. O-O {[%clk 1:30:32]} Re8 {[%clk 1:21:21]} 13. Re1 {[%clk
1:14:46]} Bg4 {[%clk 1:19:51]} 14. h3 {[%clk 1:13:58]} Be6 {[%clk 1:19:37]} 15.
Qe2 {[%clk 1:05:35]} Qf6 {[%clk 1:11:54]} 16. Bh2 {[%clk 1:02:33]} Bd7 {[%clk
1:07:28]} 17. Rad1 {[%clk 0:54:25]} Bb6 {[%clk 0:55:12]} 18. Bb1 {[%clk 0:37:01]}
Be6 {[%clk 0:51:27]} 19. Qd3 {[%clk 0:33:20]} g6 {[%clk 0:49:47]} 20. b4 {[%clk
0:32:15]} a6 {[%clk 0:46:27]} 21. Ba2 {[%clk 0:24:47]} Rad8 {[%clk 0:37:56]} 22.
Qe2 {[%clk 0:17:36]} d4 {[%clk 0:28:33]} 23. Bxe6 {[%clk 0:14:10]} Qxe6 {[%clk
0:25:51]} 24. e4 {[%clk 0:12:13]} Rd7 {[%clk 0:20:27]} 25. Qd3 {[%clk 0:11:37]}
Red8 {[%clk 0:16:36]} 26. Bg3 {[%clk 0:08:42]} Bc7 {[%clk 0:15:26]} 27. Bxc7
{[%clk 0:07:50]} Rxc7 {[%clk 0:15:34]} 28. Rc1 {[%clk 0:07:47]} Rcd7 {[%clk
0:14:33]} 29. Rcd1 {[%clk 0:07:28]} Ne5 {[%clk 0:13:32]} 30. Nxe5 {[%clk
0:07:31]} Qxe5 {[%clk 0:13:50]} 31. Rc1 {[%clk 0:07:49]} Rc7 {[%clk 0:13:13]} 32.
Red1 {[%clk 0:07:31]} Re7 {[%clk 0:10:17]} 33. Re1 {[%clk 0:06:53]} Rc7 {[%clk
0:08:00]} 34. Red1 {[%clk 0:06:48]} Re7 {[%clk 0:04:17]} 1/2-1/2

[Event "Girls U14 Polish Youth Championship"]
[Site "chess24.com"]
[Date "2018.05.02"]
[Round "5"]
[White "Szczypawka, Aleksandra"]
[Black "Sokol, Maria"]
[Result "0-1"]
[Board "13"]
[WhiteElo "1483"]
[WhiteCountry "POL"]
[WhiteFideId "21816794"]
[WhiteEloChange "-12"]
[BlackElo "1401"]
[BlackCountry "POL"]
[BlackFideId "21823383"]
[BlackEloChange "12"]

1. e4 {[%clk 1:30:59]} c5 {[%clk 1:30:48]} 2. Nc3 {[%clk 1:31:23]} Nc6 {[%clk
1:30:54]} 3. f4 {[%clk 1:31:47]} d6 {[%clk 1:30:56]} 4. Nf3 {[%clk 1:32:11]} g6
{[%clk 1:30:34]} 5. Bb5 {[%clk 1:32:18]} Bd7 {[%clk 1:30:28]} 6. O-O {[%clk
1:32:22]} Bg7 {[%clk 1:29:50]} 7. Qe2 {[%clk 1:29:39]} e6 {[%clk 1:27:57]} 8. d3
{[%clk 1:26:02]} Nge7 {[%clk 1:24:58]} 9. Be3 {[%clk 1:13:34]} a6 {[%clk
1:23:44]} 10. Bxc6 {[%clk 1:13:44]} Bxc6 {[%clk 1:23:41]} 11. Nd1 {[%clk
1:11:09]} Qc7 {[%clk 1:18:07]} 12. c3 {[%clk 1:09:30]} Rg8 {[%clk 1:16:02]} 13.
e5 {[%clk 1:05:42]} Nf5 {[%clk 1:13:14]} 14. d4 {[%clk 1:04:59]} cxd4 {[%clk
1:12:59]} 15. Bxd4 {[%clk 0:57:25]} Bb5 {[%clk 1:13:17]} 16. c4 {[%clk 0:57:07]}
Qxc4 {[%clk 1:11:20]} 17. Qd2 {[%clk 0:52:54]} Qxf1# {[%clk 1:11:36]} 0-1

[Event "Girls U14 Polish Youth Championship"]
[Site "chess24.com"]
[Date "2018.05.02"]
[Round "5"]
[White "Kieca, Aleksandra"]
[Black "Slusarczyk, Milena"]
[Result "1/2-1/2"]
[Board "14"]
[WhiteElo "1427"]
[WhiteCountry "POL"]
[WhiteFideId "21826102"]
[WhiteEloChange "1"]
[BlackElo "1449"]
[BlackCountry "POL"]
[BlackFideId "21820198"]
[BlackEloChange "-1"]

1. e4 {[%clk 1:30:56]} c5 {[%clk 1:30:54]} 2. c3 {[%clk 1:31:11]} d5 {[%clk
1:30:58]} 3. exd5 {[%clk 1:31:12]} Qxd5 {[%clk 1:31:13]} 4. d4 {[%clk 1:30:50]}
e6 {[%clk 1:30:52]} 5. Be3 {[%clk 1:30:29]} cxd4 {[%clk 1:27:29]} 6. cxd4 {[%clk
1:30:20]} Nf6 {[%clk 1:26:24]} 7. Nc3 {[%clk 1:30:07]} Qd6 {[%clk 1:25:11]} 8.
Nf3 {[%clk 1:29:18]} Nc6 {[%clk 1:24:32]} 9. a3 {[%clk 1:26:20]} Be7 {[%clk
1:24:06]} 10. Bd3 {[%clk 1:25:37]} O-O {[%clk 1:22:52]} 11. O-O {[%clk 1:25:17]}
b6 {[%clk 1:21:09]} 12. Qe2 {[%clk 1:23:11]} Bb7 {[%clk 1:19:24]} 13. Rad1 {[%clk
1:22:17]} Rfd8 {[%clk 1:15:37]} 14. Rfe1 {[%clk 1:20:04]} Rac8 {[%clk 1:15:05]}
15. Bb1 {[%clk 1:20:03]} Bf8 {[%clk 1:11:06]} 16. Bg5 {[%clk 1:19:45]} Be7 {[%clk
1:08:23]} 17. Qd3 {[%clk 1:07:35]} h6 {[%clk 1:06:35]} 18. Bh4 {[%clk 1:05:16]}
Qd7 {[%clk 0:55:59]} 19. Ne2 {[%clk 0:58:02]} Kf8 {[%clk 0:53:26]} 20. Ba2 {[%clk
0:51:56]} Nd5 {[%clk 0:47:13]} 21. Bxe7+ {[%clk 0:51:54]} Qxe7 {[%clk 0:45:57]}
22. Ng3 {[%clk 0:48:32]} Kg8 {[%clk 0:44:31]} 23. Bb1 {[%clk 0:46:17]} g6 {[%clk
0:41:44]} 24. h4 {[%clk 0:43:32]} Qf6 {[%clk 0:38:35]} 25. Qd2 {[%clk 0:37:08]}
Kg7 {[%clk 0:36:13]} 26. h5 {[%clk 0:35:09]} Nce7 {[%clk 0:29:07]} 27. hxg6
{[%clk 0:34:36]} fxg6 {[%clk 0:28:05]} 28. Be4 {[%clk 0:27:08]} Nf5 {[%clk
0:22:01]} 29. Nf1 {[%clk 0:25:01]} Nd6 {[%clk 0:16:40]} 30. Bxd5 {[%clk 0:15:25]}
Bxd5 {[%clk 0:16:09]} 31. N1h2 {[%clk 0:15:33]} Rc7 {[%clk 0:13:11]} 32. Ng4
{[%clk 0:15:09]} Qf5 {[%clk 0:10:16]} 33. Qxh6+ {[%clk 0:14:59]} Kg8 {[%clk
0:09:58]} 34. Nge5 {[%clk 0:13:31]} Rg7 {[%clk 0:06:36]} 35. Nh4 {[%clk 0:06:19]}
Qf6 {[%clk 0:04:47]} 36. Nhf3 {[%clk 0:03:34]} Nf5 {[%clk 0:04:28]} 37. Qd2
{[%clk 0:03:27]} Rh7 {[%clk 0:02:48]} 38. Qg5 {[%clk 0:03:15]} Qxg5 {[%clk
0:01:44]} 39. Nxg5 {[%clk 0:03:40]} Rh5 {[%clk 0:01:48]} 40. Ngf3 {[%clk
0:03:47]} Kg7 {[%clk 0:02:08]} 41. g4 {[%clk 0:03:12]} Bxf3 {[%clk 0:01:20]} 42.
Nxf3 {[%clk 0:03:29]} Nh4 {[%clk 0:01:35]} 43. Nh2 {[%clk 0:02:06]} Rhd5 {[%clk
0:01:33]} 44. Rxe6 {[%clk 0:01:44]} Rxd4 {[%clk 0:01:11]} 45. Rxd4 {[%clk
0:01:58]} Rxd4 {[%clk 0:01:38]} 46. Re7+ {[%clk 0:02:11]} Kf6 {[%clk 0:02:02]}
47. Rxa7 {[%clk 0:02:29]} Rd1+ {[%clk 0:01:27]} 48. Nf1 {[%clk 0:02:53]} Kg5
{[%clk 0:01:18]} 49. Ra4 {[%clk 0:02:25]} Nf3+ {[%clk 0:01:43]} 1/2-1/2

[Event "Girls U14 Polish Youth Championship"]
[Site "chess24.com"]
[Date "2018.05.02"]
[Round "5"]
[White "Wojtas, Julia"]
[Black "Wysocka, Edyta"]
[Result "1-0"]
[Board "15"]
[WhiteElo "1436"]
[WhiteCountry "POL"]
[WhiteFideId "21825394"]
[WhiteEloChange "6"]
[BlackElo "1301"]
[BlackCountry "POL"]
[BlackFideId "21836663"]
[BlackEloChange "-6"]

1. e4 {[%clk 1:30:30]} e5 {[%clk 1:30:54]} 2. Nf3 {[%clk 1:30:49]} Nc6 {[%clk
1:31:19]} 3. d4 {[%clk 1:31:14]} exd4 {[%clk 1:31:33]} 4. Nxd4 {[%clk 1:31:28]}
Bc5 {[%clk 1:31:42]} 5. Nb3 {[%clk 1:31:32]} Bb6 {[%clk 1:31:41]} 6. Nc3 {[%clk
1:31:25]} h6 {[%clk 1:31:25]} 7. Qe2 {[%clk 1:29:40]} d6 {[%clk 1:29:56]} 8. Be3
{[%clk 1:28:38]} Be6 {[%clk 1:28:02]} 9. O-O-O {[%clk 1:26:08]} Nf6 {[%clk
1:26:54]} 10. f3 {[%clk 1:25:15]} Qe7 {[%clk 1:24:17]} 11. Kb1 {[%clk 1:23:51]}
O-O-O {[%clk 1:24:11]} 12. Nd5 {[%clk 1:19:51]} Bxd5 {[%clk 1:22:04]} 13. Bxb6
{[%clk 1:19:03]} Bxb3 {[%clk 1:18:13]} 14. Be3 {[%clk 1:13:48]} Be6 {[%clk
1:17:30]} 15. Qb5 {[%clk 1:12:23]} Kb8 {[%clk 1:13:45]} 16. Qa4 {[%clk 1:09:45]}
Nd7 {[%clk 1:12:20]} 17. Bb5 {[%clk 1:05:48]} Nb6 {[%clk 1:07:38]} 18. Bxb6
{[%clk 1:02:38]} axb6 {[%clk 1:03:58]} 19. Rd3 {[%clk 1:02:00]} Kc8 {[%clk
1:02:54]} 20. Bxc6 {[%clk 0:59:07]} bxc6 {[%clk 1:02:31]} 21. Rc3 {[%clk
0:57:11]} Qe8 {[%clk 0:58:24]} 22. Qa8+ {[%clk 0:56:02]} Kd7 {[%clk 0:58:49]} 23.
Qxc6+ {[%clk 0:56:16]} Ke7 {[%clk 0:59:13]} 24. Qxc7+ {[%clk 0:56:14]} Rd7 {[%clk
0:59:12]} 25. Qxb6 {[%clk 0:56:07]} Qa8 {[%clk 0:57:53]} 26. Ra3 {[%clk 0:55:19]}
Qb7 {[%clk 0:57:25]} 27. Qxb7 {[%clk 0:47:11]} Rxb7 {[%clk 0:57:25]} 28. c3
{[%clk 0:46:49]} Rhb8 {[%clk 0:56:31]} 29. b4 {[%clk 0:46:05]} Kd7 {[%clk
0:56:03]} 30. Rd1 {[%clk 0:45:11]} Kc6 {[%clk 0:56:02]} 31. Ra6+ {[%clk 0:44:28]}
Rb6 {[%clk 0:56:21]} 32. Rxb6+ {[%clk 0:44:37]} Rxb6 {[%clk 0:56:46]} 33. Kb2
{[%clk 0:43:06]} f6 {[%clk 0:50:40]} 34. a4 {[%clk 0:42:27]} d5 {[%clk 0:50:27]}
35. exd5+ {[%clk 0:40:50]} Bxd5 {[%clk 0:50:27]} 36. Rd4 {[%clk 0:40:22]} Bf7
{[%clk 0:50:04]} 37. Ka3 {[%clk 0:39:20]} Kc7 {[%clk 0:49:14]} 38. Re4 {[%clk
0:33:20]} Kd6 {[%clk 0:45:39]} 39. c4 {[%clk 0:32:09]} Kd7 {[%clk 0:44:49]} 40.
a5 {[%clk 0:24:52]} Re6 {[%clk 0:41:09]} 41. Rg4 {[%clk 0:18:47]} g5 {[%clk
0:40:04]} 42. b5 {[%clk 0:18:02]} Kc7 {[%clk 0:39:40]} 43. Kb4 {[%clk 0:17:28]}
f5 {[%clk 0:38:02]} 44. Rd4 {[%clk 0:17:21]} Re5 {[%clk 0:36:08]} 45. c5 {[%clk
0:15:49]} Rd5 {[%clk 0:35:08]} 46. Rxd5 {[%clk 0:15:16]} Bxd5 {[%clk 0:35:33]}
47. c6 {[%clk 0:12:34]} f4 {[%clk 0:33:55]} 48. Kc5 {[%clk 0:12:00]} Bxf3 {[%clk
0:34:03]} 49. b6+ {[%clk 0:08:50]} Kc8 {[%clk 0:32:29]} 50. gxf3 {[%clk 0:08:47]}
g4 {[%clk 0:32:54]} 51. a6 {[%clk 0:08:33]} gxf3 {[%clk 0:32:24]} 52. a7 {[%clk
0:08:52]} Kd8 {[%clk 0:32:43]} 53. a8Q+ {[%clk 0:09:06]} Ke7 {[%clk 0:33:08]} 54.
c7 {[%clk 0:09:09]} f2 {[%clk 0:33:27]} 55. Qf3 {[%clk 0:09:34]} Kd7 {[%clk
0:33:41]} 56. Qxf2 {[%clk 0:09:48]} f3 {[%clk 0:33:54]} 57. Qxf3 {[%clk 0:10:02]}
h5 {[%clk 0:34:08]} 58. Qf7+ {[%clk 0:09:59]} Kc8 {[%clk 0:34:28]} 59. Kc6 {[%clk
0:10:18]} h4 {[%clk 0:34:47]} 60. Qe8# {[%clk 0:10:43]} 1-0

[Event "Girls U14 Polish Youth Championship"]
[Site "chess24.com"]
[Date "2018.05.02"]
[Round "5"]
[White "Siekanska, Zuzanna"]
[Black "Sloniewska, Alicja"]
[Result "0-1"]
[Board "16"]
[WhiteElo "1434"]
[WhiteCountry "POL"]
[WhiteFideId "21852537"]
[WhiteEloChange "-12"]
[BlackElo "1360"]
[BlackCountry "POL"]
[BlackFideId "21823359"]
[BlackEloChange "12"]

1. d4 {[%clk 1:30:58]} f5 {[%clk 1:30:43]} 2. c4 {[%clk 1:31:15]} g6 {[%clk
1:30:57]} 3. Nc3 {[%clk 1:31:39]} Nf6 {[%clk 1:30:56]} 4. Nf3 {[%clk 1:31:52]}
Bg7 {[%clk 1:30:58]} 5. Bf4 {[%clk 1:32:06]} d6 {[%clk 1:30:14]} 6. c5 {[%clk
1:32:26]} O-O {[%clk 1:30:06]} 7. e3 {[%clk 1:32:51]} Qe8 {[%clk 1:29:44]} 8.
Bc4+ {[%clk 1:32:57]} Kh8 {[%clk 1:29:32]} 9. O-O {[%clk 1:31:29]} a6 {[%clk
1:28:59]} 10. a4 {[%clk 1:28:12]} Nbd7 {[%clk 1:27:43]} 11. cxd6 {[%clk 1:26:18]}
cxd6 {[%clk 1:26:35]} 12. Ng5 {[%clk 1:25:49]} Nb6 {[%clk 1:21:27]} 13. Bb3
{[%clk 1:24:46]} Nh5 {[%clk 1:17:46]} 14. a5 {[%clk 1:15:30]} e5 {[%clk 1:12:12]}
15. dxe5 {[%clk 1:12:00]} dxe5 {[%clk 1:11:38]} 16. Bxe5 {[%clk 1:10:16]} Bxe5
{[%clk 1:09:07]} 17. axb6 {[%clk 1:10:35]} Bf6 {[%clk 1:07:55]} 18. Nf3 {[%clk
1:08:11]} Be6 {[%clk 1:05:36]} 19. Nd4 {[%clk 0:56:06]} Ng7 {[%clk 1:01:17]} 20.
Nxe6 {[%clk 0:54:46]} Nxe6 {[%clk 1:01:11]} 21. Bd5 {[%clk 0:53:50]} Rd8 {[%clk
0:59:15]} 22. Qb3 {[%clk 0:52:40]} Nc5 {[%clk 0:57:50]} 23. Qc4 {[%clk 0:47:27]}
Rc8 {[%clk 0:52:46]} 24. Qe2 {[%clk 0:45:36]} Qd8 {[%clk 0:50:30]} 25. Rab1
{[%clk 0:39:51]} Bxc3 {[%clk 0:48:55]} 26. Bxb7 {[%clk 0:38:46]} Nxb7 {[%clk
0:48:59]} 27. bxc3 {[%clk 0:38:57]} Nc5 {[%clk 0:48:13]} 28. Qb2 {[%clk 0:37:19]}
Na4 {[%clk 0:46:35]} 29. Qa1 {[%clk 0:35:48]} Nxb6 {[%clk 0:45:32]} 30. Qxa6
{[%clk 0:35:16]} Nc4 {[%clk 0:43:57]} 31. Rfd1 {[%clk 0:34:16]} Qe8 {[%clk
0:41:22]} 32. Rb7 {[%clk 0:33:19]} Ne5 {[%clk 0:36:29]} 33. Qa7 {[%clk 0:31:52]}
Rf7 {[%clk 0:35:54]} 34. Rxf7 {[%clk 0:31:06]} Nxf7 {[%clk 0:35:43]} 35. Rd7
{[%clk 0:31:02]} Ra8 {[%clk 0:35:32]} 36. Qd4+ {[%clk 0:30:46]} Ne5 {[%clk
0:32:40]} 37. f4 {[%clk 0:30:41]} Qxd7 {[%clk 0:32:12]} 38. Qxe5+ {[%clk
0:30:10]} Kg8 {[%clk 0:32:36]} 39. c4 {[%clk 0:29:35]} Qd1+ {[%clk 0:32:57]} 40.
Kf2 {[%clk 0:29:54]} Ra2+ {[%clk 0:33:24]} 41. Kg3 {[%clk 0:29:45]} Qg4# {[%clk
0:33:50]} 0-1